BIBLIOTECA

SENCICO

Control estadístico de procesos simplificado para servicios (Registro nro. 1553)

Detalles MARC
000 -LEADER
fixed length control field 00732nam a2200253Ia 4500
005 - DATE AND TIME OF LATEST TRANSACTION
control field 20251020182515.0
008 - FIXED-LENGTH DATA ELEMENTS--GENERAL INFORMATION
fixed length control field 200515s9999 xx 000 0 und d
020 ## - INTERNATIONAL STANDARD BOOK NUMBER
International Standard Book Number 968-38-0403-9
082 ## - DEWEY DECIMAL CLASSIFICATION NUMBER
Classification number 658.56/A50
100 ## - MAIN ENTRY--PERSONAL NAME
Personal name Amsden, Dávida M.
100 ## - MAIN ENTRY--PERSONAL NAME
Personal name Amsden, Robert
100 ## - MAIN ENTRY--PERSONAL NAME
Personal name Butler, Howard E.
245 #0 - TITLE STATEMENT
Title Control estadístico de procesos simplificado para servicios
260 ## - PUBLICATION, DISTRIBUTION, ETC.
Place of publication, distribution, etc. México, D.F.
260 ## - PUBLICATION, DISTRIBUTION, ETC.
Name of publisher, distributor, etc. Panorama Editorial
260 ## - PUBLICATION, DISTRIBUTION, ETC.
Date of publication, distribution, etc. 1993
300 ## - PHYSICAL DESCRIPTION
Other physical details tbls.
500 ## - GENERAL NOTE
General note 1 ejemplar
520 ## - SUMMARY, ETC.
Summary, etc. Cubre el creciente interés del sector de servicios en las herramientas y técnicas de mejora de calidad
650 ## - SUBJECT ADDED ENTRY--TOPICAL TERM
Topical term or geographic name entry element CALIDAD TOTAL
650 ## - SUBJECT ADDED ENTRY--TOPICAL TERM
Topical term or geographic name entry element CONTROL ESTADISTICO
942 ## - ADDED ENTRY ELEMENTS (KOHA)
Koha item type Libros
Existencias
Fecha de la última vez que lo usaron Pago total Signatura topográfica completa Código de barras Precio efectivo desde Tipo de documento Estado perdido Estado dañado No es para préstamo Retirado Ubicación permanente Ubicación actual Fecha de adquisición
15/05/2020   658.56/A50 Bib-Lima15051553 15/05/2020 Libros         Biblioteca Central Lima Biblioteca Central Lima 15/05/2020